000 00597nam a2200229 a 4500
008
020 _a0471030112 (pbk.)
049 _aMAIN
090 _aQC23
100 1 _aKuhn, Karl F.
245 1 0 _aBasic physics /
_cKarl F. Kuhn.
260 _aNew York :
_bWiley,
_cc1979.
300 _ax, 326 p. :
_bill. ;
_c25 cm.
440 0 _aWiley self-teaching guides.
500 _aIncludes index.
650 0 _aPhysics.
907 _a.b1000340x
_b28-06-05
_c17-04-03
003
005 20230123133821.0
040 _cNUST
942 _cBOOKS
_kQC23
999 _c155125
_d155125